Dyktatura Langiewicza a przystapienie białych do powstania
| Titel: | Dyktatura Langiewicza a przystapienie białych do powstania |
|---|---|
| Verfasser: | |
| In: |
Przegla̜d historyczny, Band 54, Heft 2 (1963), Seite 270-296 alle Artikel anzeigen |
| Veröffentlicht: | 1963 |
| Format: | Aufsatz |
| Sprache: | Polnisch |
X
alg: 39200277 001A $01999:11-11-16 001B $03025:06-02-26 $t10:36:07.000 001C $06050:19-11-16 $t09:00:53.000 001D $01999:11-11-16 001U $0utf8 001X $00 002@ $0Aox 003@ $0392002779 007A $0392002779 $aHEB 007T $0Herda17277h 010@ $apol 011@ $a1963 021A $aDyktatura Langiewicza a przystapienie białych do powstania 028A $#Szarota, Tomasz Marceli $#Szarotowie, Tomasz $712910261X $8Szarota, Tomasz$Z1940- [Tp1] $9159487218 031A $d54 $e2 $h270-296 $j1963 039B $aIn $8--Abvc--. Przegla̜d historyczny. - Warszawa : Wydawnictwo DiG, 1905-. - ISSN 0033-2186 $x196300000540002730 $9047456078 044K $#Langiewicz, M. $#Langiewitsch, Marian $#Langievicz, Marian $#Langiewits, Marian $#Langievitsch, Marian $71019896957 $8Langiewicz, Marian$Z1827-1887 [Tp3] $9289871093 045T $a7,41 lok: 39200277 78 exp: 39200277 78 1 #EPN 201B/01 $019-04-17 $t10:57:00.000 201U/01 $0utf8 203@/01 $0788098667 208@/01 $a11-11-16 $be 209A/01 $a/ $f000 $x00 244Z/01 $2Trx $#Poola $#Lenkija $#Polija $#Polen Land $#Poland $#Lengyelország $#Poľsko $#Polsko $8--Trx--Polska$gkraj $x01 $9391345966 244Z/01 $2Trx $8--Trx--Zeitschriftenaufsatz $x02 $9391384341 247C/01 $82080>Marburg/Lahn, Herder-Institut, Forschungsbibliothek, Bibliographieportal $9336309341
| LEADER | 00000caa a22000002c 4500 | ||
|---|---|---|---|
| 001 | 392002779 | ||
| 003 | DE-603 | ||
| 005 | 20260206103607.0 | ||
| 007 | tu | ||
| 008 | 161111s1963 xx |||| | u00||u|pol c | ||
| 035 | |a (DE-599)HEB392002779 | ||
| 040 | |a DE-603 |b ger |c DE-603 |d DE-603 | ||
| 041 | |a pol | ||
| 084 | |a 7,41 |2 ssgn | ||
| 100 | 1 | |a Szarota, Tomasz |d 1940- |0 (DE-603)159487218 |0 (DE-588)12910261X |2 gnd | |
| 245 | 0 | 0 | |a Dyktatura Langiewicza a przystapienie białych do powstania |
| 264 | 0 | |c 1963 | |
| 600 | 1 | 7 | |a Langiewicz, Marian |d 1827-1887 |0 (DE-588)1019896957 |0 (DE-603)289871093 |2 gnd |
| 773 | 0 | 8 | |i In |t Przegla̜d historyczny |d Warszawa : Wydawnictwo DiG, 1905- |x 0033-2186 |g Band 54, Heft 2 (1963), Seite 270-296 |w (DE-603)047456078 |w (DE-600)281539-4 |
| 924 | 0 | |9 2080 |a (DE-603)788098667 |b DE-2080 |c HES |d d |g / | |


